Catalog

Record Details

Catalog Search



Strom poznání : biologické základy lidského rozumu  Cover Image Book Book

Strom poznání : biologické základy lidského rozumu / H.R. Maturana, F.J. Varela ; ze španělského originálu s přihlédnutím k anglickému a německému vydání přeložil Štěpán Zajac

Record details

  • ISBN: 978-80-262-1119-8
  • Physical Description: 239 stran : ilustrace, mapy, portréty ; 20 cm
  • Edition: Vydání první
  • Publisher: Praha : Portál, 2016

Content descriptions

General Note:
Terminologický slovník
Bibliography, etc. Note:
Obsahuje bibliografické odkazy
Subject: kognitivní biologie
neurofyziologie
poznání
biologický determinismus
Genre: monografie

Available copies

  • 1 of 1 copy available at Common Catalog SPOK.

Holds

  • 0 current holds with 1 total copy.
Show Only Available Copies
Location Call Number / Copy Notes Barcode Shelving Location Status Due Date
Jabok Library VO-3.8/M 424480038890 Odborná literatura Available -

LDR 01788nam a2200481 i 4500
00124299
003CZ-PrJAB
00520161228101129.0
007ta
008161025s2016 xr a e 000 0 cze d
020 . ‡a978-80-262-1119-8 ‡q(brožováno) : ‡cKč 345.00
035 . ‡a(CZ PrSKC)1109358
040 . ‡aABA001 ‡bcze ‡dOLA001 ‡dKLG001 ‡erda
0411 . ‡acze ‡hspa
072 7. ‡a57/59 ‡xBiologické vědy ‡2Konspekt ‡92
080 . ‡a57:165.194 ‡2MRF
080 . ‡a612.8 ‡2MRF
080 . ‡a591.18 ‡2MRF
080 . ‡a165 ‡2MRF
080 . ‡a159.9.015.7 ‡2MRF
1001 . ‡aMaturana, Humberto R., ‡d1928- ‡7vse2006351493 ‡4aut
24010. ‡aÁrbol del conocimiento. ‡lČesky
24510. ‡aStrom poznání : ‡bbiologické základy lidského rozumu / ‡cH.R. Maturana, F.J. Varela ; ze španělského originálu s přihlédnutím k anglickému a německému vydání přeložil Štěpán Zajac
24630. ‡aBiologické základy lidského rozumu
250 . ‡aVydání první
264 1. ‡aPraha : ‡bPortál, ‡c2016
300 . ‡a239 stran : ‡bilustrace, mapy, portréty ; ‡c20 cm
336 . ‡atext ‡btxt ‡2rdacontent
337 . ‡abez média ‡bn ‡2rdamedia
338 . ‡asvazek ‡bnc ‡2rdacarrier
500 . ‡aTerminologický slovník
504 . ‡aObsahuje bibliografické odkazy
65007. ‡akognitivní biologie ‡7ph818584 ‡2czenas
65007. ‡aneurofyziologie ‡7ph123257 ‡2czenas
65007. ‡apoznání ‡7ph115851 ‡2czenas
65007. ‡abiologický determinismus ‡7ph118907 ‡2czenas
655 7. ‡amonografie ‡7fd132842 ‡2czenas
7001 . ‡aVarela, Francisco J., ‡d1946-2001 ‡7vse2006351494 ‡4aut
7001 . ‡aZajac, Štěpán, ‡d1960- ‡7xx0017171 ‡4trl
910 . ‡aABG312
901 . ‡a24299 ‡b ‡c24299 ‡tbiblio

Additional Resources